[Event "Lake Sevan"]
[Site "Martuni"]
[Date "2006.07.17"]
[Round "5"]
[White "Harutjunyan, Gevorg"]
[Black "Janjgava, Lasha"]
[Result "0-1"]
[WhiteElo "2383"]
[BlackElo "2479"]
[PlyCount "118"]
[EventDate "2006.07.13"]
[EventType "tourn"]
[EventRounds "9"]
[EventCountry "ARM"]
[EventCategory "9"]
[SourceTitle "CBM 113 Extra"]
[Source "ChessBase"]
[SourceDate "2006.09.14"]
[SourceVersion "1"]
[SourceVersionDate "2006.09.14"]
[SourceQuality "1"]

1. e4 c5 2. Nf3 d6 3. d4 cxd4 4. Nxd4 Nf6 5. Nc3 Nc6 6. Bg5 e6 7. Bb5 Bd7 8. Bxc6 bxc6 9. Qf3 Rc8 10. 0-0-0 Be7 11. Nde2 Qa5 12. Bxf6 gxf6 13. Rd3 0-0 14. Rhd1 Qg5+ 15. Kb1 Rcd8 16. Ng3 Kh8 17. h4 Qh6 18. Rxd6 Bxd6 19. Rxd6 Bc8 20. Rxc6 Qxh4 21. Rc5 f5 22. exf5 exf5 23. b3 Qg4 24. Qc6 Be6 25. Nxf5 Qf4 26. Ne3 Qxf2 27. Qe4 Qf6 28. Rh5 Qg6 29. Qh4 f6 30. Ne2 Bc8 31. Nf4 Qg7 32. Rh6 Rd4 33. Ned5 Bf5 34. g4 Rd8 35. gxf5 R8xd5 36. Qh2 Rd2 37. Ng6+ Kg8 38. Qb8+ Rd8 39. Qf4 R2d4 40. Qe3 R4d6 41. Qf4 Rc6 42. Qe4 Qxh6 43. Ne7+ Kh8 44. Nxc6 Rd1+ 45. Kb2 Qc1+ 46. Kc3 Qd2+ 47. Kb2 Re1 48. Qh4 Qc1+ 49. Kc3 Re3+ 50. Kb4 Qe1+ 51. Qxe1 Rxe1 52. c4 h5 53. Nd4 Re4 54. Nf3 Rf4 55. Ng1 Rf1 56. Ne2 h4 57. c5 Re1 58. Nd4 Re4 59. Kc3 h3 0-1

[Event "Panormo zt"]
[Site "Panormo"]
[Date "1998.10.31"]
[Round "8"]
[White "Janjgava, Lasha"]
[Black "Banikas, Hristos"]
[Result "1/2-1/2"]
[WhiteElo "2490"]
[BlackElo "2490"]
[PlyCount "74"]
[EventDate "1998.10.24"]
[EventType "swiss"]
[EventRounds "11"]
[EventCountry "GRE"]
[SourceTitle "CBM 067 Extra"]
[Source "ChessBase"]
[SourceDate "1999.01.01"]
[SourceVersion "1"]
[SourceVersionDate "1999.01.01"]
[SourceQuality "1"]

1. d4 Nf6 2. c4 g6 3. Nf3 Bg7 4. g3 0-0 5. Bg2 d6 6. Nc3 Nc6 7. 0-0 Bf5 8. Ne1 Qd7 9. e4 Bh3 10. f4 e5 11. fxe5 dxe5 12. d5 Nd4 13. Nd3 Rae8 14. b3 Bg4 15. Qd2 Qe7 16. Nf2 Bd7 17. Qd1 c5 18. a4 a5 19. Ra2 h5 20. h3 Kh7 21. Bd2 Bh6 22. Be1 b6 23. Nd3 Rd8 24. Ne2 Be3+ 25. Bf2 Bxf2+ 26. Rxf2 Nxe2+ 27. Raxe2 Ne8 28. Qa1 f6 29. Kh2 Nd6 30. Qf1 Rde8 31. Qa1 Qg7 32. Re1 f5 33. exf5 Bxf5 34. Nxe5 Ne4 35. Rxe4 Bxe4 36. Rxf8 Qxf8 37. Bxe4 Qf2+ 1/2-1/2

[Event "Panormo zt"]
[Site "Panormo"]
[Date "1998.10.24"]
[Round "1"]
[White "Kagas, Konstantinos"]
[Black "Janjgava, Lasha"]
[Result "0-1"]
[WhiteElo "2140"]
[BlackElo "2490"]
[PlyCount "52"]
[EventDate "1998.10.24"]
[EventType "swiss"]
[EventRounds "11"]
[EventCountry "GRE"]
[SourceTitle "CBM 067 Extra"]
[Source "ChessBase"]
[SourceDate "1999.01.01"]
[SourceVersion "1"]
[SourceVersionDate "1999.01.01"]
[SourceQuality "1"]

1. d4 Nf6 2. c3 g6 3. Bf4 Bg7 4. Nf3 0-0 5. e3 d6 6. Bd3 Nbd7 7. Nbd2 Re8 8. Nc4 b5 9. Ncd2 Rb8 10. 0-0 e5 11. Bg5 h6 12. Bxf6 Nxf6 13. e4 exd4 14. cxd4 c5 15. Rc1 Nd7 16. Bb1 Qb6 17. Re1 cxd4 18. Nb3 Bb7 19. Nbxd4 Nc5 20. b4 Nxe4 21. Qd3 Nxf2 22. Kxf2 Bxf3 23. Kxf3 Bxd4 24. Rcd1 Rxe1 25. Rxe1 d5 26. Rf1 Re8 0-1

[Event "Linares Anibal op 04th"]
[Site "Linares"]
[Date "1997.??.??"]
[Round "7"]
[White "Fridman, Daniel"]
[Black "Janjgava, Lasha"]
[Result "1/2-1/2"]
[WhiteElo "2490"]
[BlackElo "2495"]
[PlyCount "60"]
[EventDate "1997.02.??"]
[EventType "swiss"]
[EventRounds "10"]
[EventCountry "ESP"]
[SourceTitle "CBM 058"]
[Source "ChessBase"]
[SourceDate "1997.06.01"]
[SourceVersion "1"]
[SourceVersionDate "1997.06.01"]
[SourceQuality "1"]

1. Nf3 Nf6 2. c4 e6 3. d4 d5 4. g3 Be7 5. Bg2 0-0 6. 0-0 dxc4 7. Qc2 a6 8. a4 Bd7 9. Qxc4 Bc6 10. Bg5 a5 11. Nc3 Na6 12. Bxf6 Bxf6 13. e4 Nb4 14. Rad1 Qb8 15. h4 Rd8 16. Nh2 Ra6 17. Ng4 Be7 18. Qe2 Be8 19. e5 Qa7 20. Ne3 c6 21. Qg4 h5 22. Qf4 Nd5 23. Nexd5 cxd5 24. Bf3 Rb6 25. Rd2 Rb4 26. Bxh5 Qb6 27. Qe3 Rc8 28. Be2 Rxb2 29. Nb5 Rxd2 30. Qxd2 Bxb5 1/2-1/2

[Event "Linares Anibal op 04th"]
[Site "Linares"]
[Date "1997.??.??"]
[Round "9"]
[White "Janjgava, Lasha"]
[Black "Volzhin, Alexander"]
[Result "1/2-1/2"]
[WhiteElo "2495"]
[BlackElo "2505"]
[PlyCount "23"]
[EventDate "1997.02.??"]
[EventType "swiss"]
[EventRounds "10"]
[EventCountry "ESP"]
[SourceTitle "CBM 058"]
[Source "ChessBase"]
[SourceDate "1997.06.01"]
[SourceVersion "1"]
[SourceVersionDate "1997.06.01"]
[SourceQuality "1"]

1. c4 c5 2. Nf3 Nf6 3. g3 d5 4. cxd5 Nxd5 5. Bg2 Nc6 6. Nc3 e6 7. 0-0 Be7 8. d4 0-0 9. Nxd5 exd5 10. dxc5 Bxc5 11. Bg5 Qd7 12. Rc1 1/2-1/2

[Event "Olympiad-32"]
[Site "Yerevan"]
[Date "1996.09.21"]
[Round "6.4"]
[White "Janjgava, Lasha"]
[Black "Sadler, Matthew D"]
[Result "0-1"]
[WhiteElo "2495"]
[BlackElo "2615"]
[PlyCount "80"]
[EventDate "1996.09.15"]
[EventType "team-swiss"]
[EventRounds "14"]
[EventCountry "ARM"]
[SourceTitle "CBM 055"]
[Source "ChessBase"]
[SourceDate "1996.12.01"]
[SourceVersion "1"]
[SourceVersionDate "1996.12.01"]
[SourceQuality "1"]
[WhiteTeam "Georgia"]
[BlackTeam "England"]
[WhiteTeamCountry "GEO"]
[BlackTeamCountry "ENG"]

1. d4 d5 2. Nf3 e6 3. c4 dxc4 4. e3 Nf6 5. Bxc4 c5 6. 0-0 a6 7. a4 Nc6 8. Qe2 Qc7 9. Nc3 Bd6 10. Rd1 0-0 11. h3 b6 12. d5 exd5 13. Bxd5 Bb7 14. e4 Rae8 15. Be3 Bf4 16. Rac1 h6 17. Bxf4 Qxf4 18. Bxc6 Bxc6 19. Qxa6 Nxe4 20. Qxb6 Re6 21. Nxe4 Bxe4 22. Qb3 Rg6 23. Ne1 Rb8 24. Qc4 Rxb2 25. Qf1 Rb3 26. f3 Bxf3 27. Qf2 Re3 28. Ra1 Kh7 29. a5 Qe4 30. Rd2 Qe5 31. Nxf3 Qxa1+ 32. Kh2 Ra3 33. Qxc5 Rxa5 34. Qc8 Qf6 35. Rd8 Qf4+ 36. Kh1 Ra1+ 37. Ng1 Re6 38. Qc2+ Qe4 39. Qc3 Qe1 40. Qd4 Rg6 0-1

[Event "Olympiad-32"]
[Site "Yerevan"]
[Date "1996.09.17"]
[Round "2.3"]
[White "Wallace, John Paul"]
[Black "Janjgava, Lasha"]
[Result "1-0"]
[WhiteElo "2365"]
[BlackElo "2495"]
[PlyCount "55"]
[EventDate "1996.09.15"]
[EventType "team-swiss"]
[EventRounds "14"]
[EventCountry "ARM"]
[SourceTitle "CBM 055"]
[Source "ChessBase"]
[SourceDate "1996.12.01"]
[SourceVersion "1"]
[SourceVersionDate "1996.12.01"]
[SourceQuality "1"]
[WhiteTeam "Australia"]
[BlackTeam "Georgia"]
[WhiteTeamCountry "AUS"]
[BlackTeamCountry "GEO"]

1. d4 d5 2. c4 e6 3. Nc3 Be7 4. Nf3 Nf6 5. cxd5 exd5 6. Bg5 c6 7. Qc2 Na6 8. a3 Nc7 9. e3 Nh5 10. h4 Bxg5 11. hxg5 g6 12. Bd3 Ng7 13. Bxg6 fxg6 14. Rxh7 Rxh7 15. Qxg6+ Ke7 16. Qf6+ Ke8 17. Qg6+ Ke7 18. Qxh7 Nce8 19. Ne5 Be6 20. 0-0-0 Rc8 21. g4 c5 22. f4 cxd4 23. exd4 Kf8 24. Re1 Rc7 25. Qh6 Nd6 26. f5 Ne4 27. Rxe4 dxe4 28. fxe6 1-0

[Event "GEO-ch"]
[Site "Tbilisi"]
[Date "1996.??.??"]
[Round "?"]
[White "Janjgava, Lasha"]
[Black "Lobzhanidze, Davit"]
[Result "1-0"]
[WhiteElo "2495"]
[BlackElo "2280"]
[PlyCount "79"]
[EventDate "1996.??.??"]
[EventType "tourn"]
[EventRounds "9"]
[EventCountry "GEO"]
[EventCategory "7"]
[SourceTitle "EXT 1999"]
[Source "ChessBase"]
[SourceDate "1998.11.16"]
[SourceVersion "1"]
[SourceVersionDate "1998.11.16"]
[SourceQuality "1"]

1. d4 d5 2. c4 c6 3. Nf3 Nf6 4. Nc3 a6 5. g3 dxc4 6. Bg2 b5 7. Ne5 Bb7 8. a4 Nd5 9. 0-0 e6 10. e4 Nxc3 11. bxc3 Be7 12. Rb1 Qc7 13. Bf4 Bd6 14. Qg4 0-0 15. Nxc4 Bxf4 16. Qxf4 Qxf4 17. gxf4 Bc8 18. Nd6 Bd7 19. e5 Ra7 20. Rfc1 c5 21. axb5 axb5 22. dxc5 Rc7 23. c4 bxc4 24. Rxc4 Bc6 25. h4 Bxg2 26. Kxg2 Nc6 27. h5 g5 28. hxg6 fxg6 29. Ne4 Kg7 30. Nf6 Rb8 31. Rd1 g5 32. Rd6 Kf7 33. Ng4 h5 34. Nh6+ Kg7 35. Rxe6 gxf4 36. Nf5+ Kf7 37. Rf6+ Ke8 38. Re6+ Ne7 39. Ng7+ Kd7 40. Rd6+ 1-0

[Event "GEO-ch"]
[Site "Tbilisi"]
[Date "1996.??.??"]
[Round "?"]
[White "Shalamberidze, Akaki"]
[Black "Janjgava, Lasha"]
[Result "1/2-1/2"]
[WhiteElo "2355"]
[BlackElo "2495"]
[PlyCount "26"]
[EventDate "1996.??.??"]
[EventType "tourn"]
[EventRounds "9"]
[EventCountry "GEO"]
[EventCategory "7"]
[SourceTitle "EXT 1999"]
[Source "ChessBase"]
[SourceDate "1998.11.16"]
[SourceVersion "1"]
[SourceVersionDate "1998.11.16"]
[SourceQuality "1"]

1. d4 Nf6 2. c4 e6 3. Nf3 d5 4. Nc3 Bb4 5. e3 0-0 6. Bd3 c5 7. 0-0 cxd4 8. exd4 dxc4 9. Bxc4 a6 10. Bg5 Be7 11. Re1 Nc6 12. Bb3 h6 13. Be3 Na5 1/2-1/2

[Event "Ankara zt"]
[Site "Ankara"]
[Date "1995.??.??"]
[Round "8"]
[White "Grivas, Efstratios"]
[Black "Janjgava, Lasha"]
[Result "1/2-1/2"]
[WhiteElo "2460"]
[BlackElo "2500"]
[PlyCount "20"]
[EventDate "1995.??.??"]
[EventType "swiss"]
[EventRounds "9"]
[EventCountry "TUR"]
[SourceTitle "CBM 049 Extra"]
[Source "ChessBase"]
[SourceDate "1996.01.01"]
[SourceVersion "1"]
[SourceVersionDate "1996.01.01"]
[SourceQuality "1"]

1. Nf3 d5 2. g3 Nf6 3. Bg2 e6 4. 0-0 Be7 5. d4 0-0 6. c4 dxc4 7. Qc2 a6 8. Qxc4 b5 9. Qc2 Bb7 10. Bg5 Nbd7 1/2-1/2

[Event "Ankara zt"]
[Site "Ankara"]
[Date "1995.??.??"]
[Round "3"]
[White "Janjgava, Lasha"]
[Black "Anastasian, Ashot"]
[Result "1/2-1/2"]
[WhiteElo "2500"]
[BlackElo "2530"]
[PlyCount "39"]
[EventDate "1995.??.??"]
[EventType "swiss"]
[EventRounds "9"]
[EventCountry "TUR"]
[SourceTitle "CBM 049 Extra"]
[Source "ChessBase"]
[SourceDate "1996.01.01"]
[SourceVersion "1"]
[SourceVersionDate "1996.01.01"]
[SourceQuality "1"]

1. d4 Nf6 2. Nf3 c5 3. d5 g6 4. c4 Bg7 5. g3 0-0 6. Bg2 d6 7. 0-0 Bf5 8. Nh4 Bxb1 9. Rxb1 Qd7 10. e4 Na6 11. Re1 Nc7 12. f4 e6 13. dxe6 Nxe6 14. Nf3 Nd8 15. b3 Re8 16. e5 dxe5 17. Nxe5 Qc7 18. Bb2 Ne6 19. Qf3 Rab8 20. Qf2 1/2-1/2

[Event "Ankara zt"]
[Site "Ankara"]
[Date "1995.??.??"]
[Round "5"]
[White "Janjgava, Lasha"]
[Black "Bagaturov, Giorgi"]
[Result "1-0"]
[WhiteElo "2500"]
[BlackElo "2460"]
[PlyCount "115"]
[EventDate "1995.??.??"]
[EventType "swiss"]
[EventRounds "9"]
[EventCountry "TUR"]
[SourceTitle "CBM 049 Extra"]
[Source "ChessBase"]
[SourceDate "1996.01.01"]
[SourceVersion "1"]
[SourceVersionDate "1996.01.01"]
[SourceQuality "1"]

1. d4 Nf6 2. Nf3 g6 3. c4 Bg7 4. g3 0-0 5. Bg2 d6 6. Nc3 c6 7. 0-0 Qa5 8. e4 e5 9. h3 exd4 10. Nxd4 Qc5 11. Nde2 Qxc4 12. Qxd6 Ne8 13. Qf4 f5 14. exf5 Qxf4 15. Bxf4 Bxf5 16. Rad1 Na6 17. Nd4 Bd7 18. Nb3 Bf5 19. Na5 Nc5 20. Be3 Nd3 21. Na4 Nxb2 22. Nxb2 Bxb2 23. Nxb7 Rc8 24. Na5 Ba3 25. Nxc6 Bxh3 26. Bxh3 Rxc6 27. Bxa7 Ra6 28. Bd4 Nf6 29. Rfe1 Bb4 30. Re6 Rxe6 31. Bxe6+ Kg7 32. Bb3 Rc8 33. Kg2 g5 34. Rd3 Kg6 35. Re3 Rc6 36. Re6 Rxe6 37. Bxe6 Ba3 38. Bc4 h5 39. Bd3+ Kf7 40. Be3 g4 41. Kf1 Nd7 42. Ke2 Ne5 43. Bb5 Nf3 44. Bc6 Ne5 45. Ba4 Nf3 46. Kd3 Kf6 47. Ke4 Ng5+ 48. Kd5 Nf3 49. Bd7 Ke7 50. Bf5 Kf6 51. Be4 Ng5 52. Bd4+ Kf7 53. Bc2 Nf3 54. Bc5 Bxc5 55. Kxc5 Ke6 56. a4 Kd7 57. a5 Kc7 58. a6 1-0

[Event "Mlada Boleslav op"]
[Site "Mlada Boleslav"]
[Date "1993.??.??"]
[Round "?"]
[White "Lechtynsky, Jiri"]
[Black "Janjgava, Lasha"]
[Result "1/2-1/2"]
[WhiteElo "2405"]
[BlackElo "2510"]
[PlyCount "174"]
[EventDate "1993.08.??"]
[EventType "swiss"]
[EventRounds "9"]
[EventCountry "CZE"]
[SourceTitle "EXT 1997"]
[Source "ChessBase"]
[SourceDate "1996.11.15"]
[SourceVersion "1"]
[SourceVersionDate "1996.11.15"]
[SourceQuality "1"]

1. Nf3 g6 2. d4 Bg7 3. c4 Nf6 4. Nc3 0-0 5. Bg5 h6 6. Bh4 d6 7. e3 Nc6 8. Be2 a6 9. h3 Bd7 10. 0-0 e5 11. dxe5 dxe5 12. Nd2 Bf5 13. Bxf6 Bxf6 14. Nde4 Bg7 15. Bf3 Qc8 16. Qe2 Ne7 17. Nc5 Rb8 18. Nd5 Re8 19. e4 Bd7 20. Nxd7 Qxd7 21. Rfd1 Nxd5 22. Rxd5 Qe7 23. Rad1 Red8 24. Qd3 Bf6 25. c5 c6 26. Rxd8+ Rxd8 27. Qxd8+ Qxd8 28. Rxd8+ Bxd8 29. Bg4 b6 30. Bc8 a5 31. Bd7 bxc5 32. Bxc6 Kf8 33. Kf1 Ke7 34. Ke2 Kd6 35. Be8 Ke7 36. Bb5 Kd6 37. Kd3 f6 38. Be8 g5 39. Kc4 Ke7 40. Bh5 Kd6 41. Kb5 Bc7 42. Be2 Bd8 43. b3 Bc7 44. a3 Bd8 45. g3 Bc7 46. h4 Bd8 47. h5 Bc7 48. Bg4 Bd8 49. Bf5 Bc7 50. Bc8 Bd8 51. Bb7 Bc7 52. Bc8 Bd8 53. Bf5 Bc7 54. Bg6 Bd8 55. Kc4 Bc7 56. Be8 Bb6 57. Bb5 Ba7 58. f3 Bb6 59. Ba6 Bc7 60. Kd3 Ke7 61. Bc8 Bb6 62. Kc4 Kd6 63. Bf5 Bd8 64. Bh7 Bc7 65. Kd3 Bb6 66. Bg8 Bc7 67. Bc4 Ke7 68. Bd5 Bb6 69. Ke2 c4 70. Bxc4 Bc5 71. a4 Kd6 72. Ba6 Bd4 73. Bc8 Kc5 74. Kf1 Kb4 75. Be6 g4 76. Bxg4 Kxb3 77. Bd7 Kc4 78. Bb5+ Kc5 79. Kg2 Kd6 80. Kh3 Ke7 81. Kg4 Kf7 82. Bc4+ Kg7 83. Bb3 Bc3 84. f4 Bd4 85. Kf5 Bc3 86. Ke6 Bb2 87. Ke7 Bc3 1/2-1/2

[Event "Olympiad-30"]
[Site "Manila"]
[Date "1992.06.24"]
[Round "14.4"]
[White "Janjgava, Lasha"]
[Black "Dizdarevic, Emir"]
[Result "1/2-1/2"]
[WhiteElo "2485"]
[BlackElo "2505"]
[PlyCount "57"]
[EventDate "1992.06.08"]
[EventType "team-swiss"]
[EventRounds "14"]
[EventCountry "PHI"]
[SourceTitle "TD"]
[Source "ChessBase"]
[SourceDate "1994.03.01"]
[SourceVersion "1"]
[SourceVersionDate "1994.03.01"]
[SourceQuality "1"]
[WhiteTeam "Georgia"]
[BlackTeam "Bosnia&Herzegovina"]
[WhiteTeamCountry "GEO"]
[BlackTeamCountry "BIH"]

1. d4 Nf6 2. c4 e6 3. Nc3 Bb4 4. Qc2 0-0 5. a3 Bxc3+ 6. Qxc3 d6 7. Nf3 b6 8. g3 Bb7 9. Bg2 Nbd7 10. 0-0 Qe7 11. b4 a5 12. Bb2 Ra7 13. Bh3 Ne4 14. Qe3 axb4 15. axb4 Rfa8 16. Rxa7 Rxa7 17. d5 exd5 18. cxd5 Bxd5 19. Nh4 Qd8 20. Bxd7 Qxd7 21. f3 Nf6 22. Bxf6 gxf6 23. Qh6 Be6 24. Qxf6 Qb5 25. f4 Qxe2 26. Qd8+ Kg7 27. Qg5+ Kf8 28. Qd8+ Kg7 29. Qg5+ 1/2-1/2

[Event "Olympiad-30"]
[Site "Manila"]
[Date "1992.06.17"]
[Round "9.4"]
[White "Vyzmanavin, Alexey"]
[Black "Janjgava, Lasha"]
[Result "1/2-1/2"]
[WhiteElo "2590"]
[BlackElo "2485"]
[PlyCount "42"]
[EventDate "1992.06.08"]
[EventType "team-swiss"]
[EventRounds "14"]
[EventCountry "PHI"]
[SourceTitle "TD"]
[Source "ChessBase"]
[SourceDate "1994.03.01"]
[SourceVersion "1"]
[SourceVersionDate "1994.03.01"]
[SourceQuality "1"]
[WhiteTeam "Russia"]
[BlackTeam "Georgia"]
[WhiteTeamCountry "RUS"]
[BlackTeamCountry "GEO"]

1. d4 d5 2. c4 e6 3. Nc3 Be7 4. Nf3 Nf6 5. Bg5 h6 6. Bh4 0-0 7. e3 Ne4 8. Bxe7 Qxe7 9. Rc1 c6 10. Bd3 Nxc3 11. Rxc3 dxc4 12. Bxc4 Nd7 13. 0-0 b6 14. Bd3 c5 15. Bb5 Rd8 16. Bc6 Ba6 17. Re1 Rac8 18. Qa4 Nb8 19. Be4 cxd4 20. exd4 Rxc3 21. bxc3 Qc7 1/2-1/2

[Event "Olympiad-30"]
[Site "Manila"]
[Date "1992.06.15"]
[Round "7.4"]
[White "Janjgava, Lasha"]
[Black "Van Wely, Loek"]
[Result "1/2-1/2"]
[WhiteElo "2485"]
[BlackElo "2560"]
[PlyCount "118"]
[EventDate "1992.06.08"]
[EventType "team-swiss"]
[EventRounds "14"]
[EventCountry "PHI"]
[SourceTitle "TD"]
[Source "ChessBase"]
[SourceDate "1994.03.01"]
[SourceVersion "1"]
[SourceVersionDate "1994.03.01"]
[SourceQuality "1"]
[WhiteTeam "Georgia"]
[BlackTeam "Netherlands"]
[WhiteTeamCountry "GEO"]
[BlackTeamCountry "NED"]

1. d4 Nf6 2. c4 g6 3. Nf3 Bg7 4. g3 0-0 5. Bg2 d6 6. Nc3 Nbd7 7. 0-0 e5 8. e4 exd4 9. Nxd4 Re8 10. h3 a6 11. Re1 Rb8 12. Rb1 Nc5 13. a4 a5 14. Ndb5 Bf8 15. e5 dxe5 16. Qxd8 Rxd8 17. Bg5 Kg7 18. Nxc7 Bf5 19. Rbd1 Rxd1 20. Rxd1 Bc2 21. Bxf6+ Kxf6 22. Re1 Bxa4 23. N3d5+ Kg7 24. Rxe5 Nd3 25. Re2 Rc8 26. h4 Bb3 27. Ne8+ Kh8 28. Nb6 Rd8 29. Nf6 Bg7 30. Nbd7 Bxc4 31. Bxb7 Nxb2 32. Rxb2 Rxd7 33. Bd5 Bxf6 34. Rb8+ Kg7 35. Bxc4 Rd4 36. Rc8 Be5 37. Rc5 Bd6 38. Rd5 Rxd5 39. Bxd5 a4 40. Kf1 f5 41. Ke2 h5 42. f4 Bc5 43. Bc6 a3 44. Bd5 Kf6 45. Ba2 Ke7 46. Bb3 Kd6 47. Bg8 Bg1 48. Bf7 Bb6 49. Ba2 Ba7 50. Bg8 Bd4 51. Ba2 Bc3 52. Bf7 Bb4 53. Kd1 Bc3 54. Ke2 Kc5 55. Kd3 Be1 56. Kc2 Bxg3 57. Bxg6 Bxh4 58. Kb3 Kd4 59. Kxa3 Be7+ 1/2-1/2

[Event "Wch U26"]
[Site "Antwerp"]
[Date "1992.??.??"]
[Round "9"]
[White "Genov, Petar"]
[Black "Janjgava, Lasha"]
[Result "0-1"]
[WhiteElo "2460"]
[BlackElo "2485"]
[PlyCount "86"]
[EventDate "1992.??.??"]
[EventType "swiss"]
[EventRounds "9"]
[EventCountry "BEL"]
[SourceTitle "CBM 030 Extra"]
[Source "ChessBase"]
[SourceDate "1992.11.01"]
[SourceVersion "1"]
[SourceVersionDate "1992.11.01"]
[SourceQuality "1"]

1. d4 Nf6 2. c4 g6 3. g3 Bg7 4. Bg2 c5 5. d5 d6 6. Nc3 0-0 7. e4 e6 8. Nge2 exd5 9. cxd5 Re8 10. 0-0 a6 11. a4 Nbd7 12. Rb1 c4 13. b3 Nc5 14. bxc4 Nfxe4 15. Nxe4 Nxe4 16. Ba3 Qc7 17. Re1 Bf5 18. g4 Bd7 19. Qd3 Nc5 20. Bxc5 Qxc5 21. Bf3 Bxa4 22. Rxb7 Rac8 23. Rc1 Rb8 24. Rcb1 Rxb7 25. Rxb7 Rc8 26. Ng3 Be5 27. Ne4 Qxc4 28. Qxc4 Rxc4 29. Rb6 Rc1+ 30. Kg2 Bb5 31. Kh3 Rb1 32. Kh4 Bd3 33. Rc6 Rg1 34. Ng3 a5 35. Rc8+ Kg7 36. Ra8 Ra1 37. Kh3 a4 38. Be2 Bc2 39. Bc4 Rb1 40. Nf1 Rb4 41. Ne3 Bb3 42. Bd3 Rf4 43. Kg2 Rxg4+ 0-1

[Event "Wch U26"]
[Site "Antwerp"]
[Date "1992.??.??"]
[Round "4"]
[White "Janjgava, Lasha"]
[Black "Ninov, Nikolai"]
[Result "1/2-1/2"]
[WhiteElo "2485"]
[BlackElo "2370"]
[PlyCount "66"]
[EventDate "1992.??.??"]
[EventType "swiss"]
[EventRounds "9"]
[EventCountry "BEL"]
[SourceTitle "CBM 030 Extra"]
[Source "ChessBase"]
[SourceDate "1992.11.01"]
[SourceVersion "1"]
[SourceVersionDate "1992.11.01"]
[SourceQuality "1"]

1. d4 d5 2. c4 e6 3. Nc3 c6 4. e4 dxe4 5. Nxe4 Bb4+ 6. Bd2 Qxd4 7. Bxb4 Qxe4+ 8. Ne2 Nd7 9. Qd6 a5 10. Bc3 Ne7 11. 0-0-0 Qxc4 12. Nf4 Qc5 13. Qxc5 Nxc5 14. Bxg7 Rg8 15. Nh5 Nd7 16. Rxd7 Bxd7 17. Nf6+ Kd8 18. Nxg8 Nxg8 19. Bd3 f5 20. g4 fxg4 21. f3 h5 22. fxg4 hxg4 23. Rg1 e5 24. Bxe5 Ke7 25. Bc3 b5 26. Re1+ Kd6 27. Rd1 Ke7 28. Bd4 Be6 29. Bc5+ Kf6 30. a3 Nh6 31. Be4 Nf5 32. Rf1 Ke5 33. Re1 Kf6 1/2-1/2